| 000 | 00840nam a2200241Ia 4500 | ||
|---|---|---|---|
| 003 | OSt | ||
| 005 | 20220925190811.0 | ||
| 006 | a|||||r|||| 00| 0 | ||
| 007 | ta | ||
| 008 | 220923b |||||||| |||| 00| 0 eng d | ||
| 020 |
_a9788189643195 _c590.75 |
||
| 037 |
_b11698, 15/03/2013, ASIAN BOOK CENTRE _cGeneral Book |
||
| 040 |
_aRTL _cRTL _beng |
||
| 041 |
_2eng _aeng |
||
| 082 | _aY:3(NW):(Z).49G, P9 | ||
| 100 |
_aRAMINDER KAUR _9239843 |
||
| 245 | 0 |
_aCensorship in South Asia _b Cultural regulation from sedition to seduction |
|
| 260 |
_aBloomington _bIndiana University Press _c2009 |
||
| 300 |
_avii, 243p _ccm. |
||
| 700 |
_a MAZZARELLA William _9239844 |
||
| 942 |
_hY:3(NW):(Z).49G, P9 _cGB _2CC |
||
| 999 |
_c516034 _d516034 |
||